| 000 | 00549pab a2200169 454500 | ||
|---|---|---|---|
| 008 | 180718b1995 xxu||||| |||| 00| 0 eng d | ||
| 100 | _aJodhka, Surinder S. | ||
| 245 |
_aBureaucratisation, corruption and depoliticiation _bchanging profile of credit cooperatives in rural Haryana. |
||
| 260 | _c1995 | ||
| 300 | _ap.53-56 | ||
| 362 | _a7 Jan | ||
| 650 | _aCorruption | ||
| 650 | _aCredit Cooperatives - India - Haryana | ||
| 650 | _aBanks and Banking, Cooperative - India - Haryana | ||
| 773 | _aEconomic and Political Weekly | ||
| 909 | _a28125 | ||
| 999 |
_c28125 _d28125 |
||